000 01764cam a22004217a 4500
003 CHAP
005 20220329133408.0
008 971013s1991 r 00010 d
010 _a5865
011 _a6837
035 _a6060
040 _cCHAP
082 _a631.0915
_bB58
100 0 0 _aBishay, Adli.
_912933
245 0 _aDesert development
_b: proceedings
260 _aChur, Switzerland :
_bHarwood Academic,
_c1991
300 _a2v. ilus.
_b; gráfs.
490 0 _aAdvances in desert and arid land technology and development
_v; 5
505 _aContenido: v.1 Desert: agriculture, ecology and biology -- v.2 Socio-economic aspects and renewable energy applications
590 _aBATCH-UPD
_b10
_c20130110
_lUCH01
_h0229
590 _aBATCH-UPD
_b10
_c20130110
_lUCH01
_h1651
590 _aBATCH-UPD
_b10
_c20130409
_lUCH01
_h2252
590 _aBATCH-UPD
_b10
_c20130410
_lUCH01
_h1115
590 _aBATCH-UPD
_b10
_c20130914
_lUCH01
_h0321
590 _aCONVERSION
_b10
_c20130109
_lUCH01
_h1304
650 1 4 _aAgricultura
_xRegiones áridas.
_91781
650 1 4 _aDesiertos
_xEcología.
_932149
650 1 4 _aEnergía eólica.
_936903
650 1 4 _aRegiones áridas
_xAgricultura.
_995670
700 0 _aDregne, Harold E.
_934186
830 0 _aAdvances in desert and arid land technology and development
_v; 5
_9988
901 _aBK
942 _cLIBRO
949 _a631.0915 B58
_bBC
_cLIBRO
_d33724000007548
_eLIBRO
_fv.2 c.2
_gI.174940
_h87888
_i6060
_si
_t472.00
949 _a631.0915 B58
_bBC
_cLIBRO
_d33724000007555
_eLIBRO
_fv.1 c.2
_gI.174940
_h87887
_i6060
_so
_t609.85
949 _a631.0915 B58
_bBC
_cLIBRO
_d33724000053930
_eLIBRO
_fv.1
_gI.164810
_h82497
_i6060
_si
_t472.00
949 _a631.0915 B58
_bBC
_cLIBRO
_d33724000053948
_eLIBRO
_fv.2
_gI.164891
_h82498
_i6060
_si
_t472.00
999 _c5865
_d5865